000 00451nam a2200181Ia 4500
005 20250423094339.0
008 250422s9999 xx 000 0 und d
020 _a978-81-8281-165-2
050 _aHB 172.5 .J49/
100 _aJhingan, M.L.
245 0 _aAdvanced macro economic theory (micro and macro economic theory)
250 _a13th ed.
260 _aDelhi
260 _bVrinda Pub.
260 _c2009
300 _a1026 p
942 _cBK
999 _c26971
_d26971